000
00215 a2200097 4500
020
_a
9781032786001
100
_a
Sanjeev J. Wagh
245
_a
Fundamentals of data science
260
_b
CRC Press
_c
2025
942
_c
OO
999
_c
116028
_d
116027